00512nam a2200193 a 4500001001300000003000900013005001700022008004100039020000900080082001400089100002000103245004300123260004200166300000900208500003500217505002100252650002500273700002000298nice12345678IN_TiNIC20260116011636.0050524s1973 leia grp 000 0 eng  ac1000a291bAND2 aAnderson, J N D aChristianity and Comparative Religion. aLeicesterbInter Varsity Press c1973 a126p aincludes index and biblioraphy2 abibl, Ref. Index aComparative Religion1 aAnderson, J N D